000 00290nam a22001337a 4500
008 181008b xxu||||| |||| 00| 0 eng d
020 _a9781574390568
041 _aeng
080 _a615
100 _a5
101 _aFAR
245 _aDrug Interaction Facts
_cTatro,D.S
942 _2udc
_cBK
999 _c49040
_d49040